书目信息 |
| 题名: |
燃气相关法律法规与经营企业管理
|
|
| 作者: | 甘胜滕 , 周连余 , 甘信标 主编 | |
| 分册: | ||
| 出版信息: | 北京 中国环境出版集团 2024.01 |
|
| 页数: | 413页 | |
| 开本: | 21cm | |
| 丛书名: | ||
| 单 册: | ||
| 中图分类: | D922.181 , F426.22 | |
| 科图分类: | ||
| 主题词: | 城市燃气--管理--法规--中国--技术培训--教材 , 城市燃气--企业管理--中国--技术培训--教材 | |
| 电子资源: | ||
| ISBN: | 978-7-5111-5683-9 | |
| 000 | 01181nam0 2200301 450 | |
| 001 | 01050301 | |
| 005 | 20251022165657.50 | |
| 010 | @a978-7-5111-5683-9@dCNY47.50 | |
| 100 | @a20241029d2024 em y0chiy0120 ea | |
| 101 | 0 | @achi |
| 102 | @aCN@b110000 | |
| 105 | @ay az 000yy | |
| 106 | @ar | |
| 200 | 1 | @a燃气相关法律法规与经营企业管理@9ran qi xiang guan fa lv fa gui yu jing ying qi ye guan li@f甘胜滕,周连余,甘信标主编 |
| 210 | @a北京@c中国环境出版集团@d2024.01 | |
| 215 | @a413页@d21cm | |
| 300 | @a燃气行业从业人员专业培训教材 | |
| 320 | @a有书目(第412-413页) | |
| 330 | @a本书共六章,内容包括燃气经营企业管理、燃气工程建设管理、燃气企业安全管理、燃气安全事故与应急管理、燃气法律法规及相关政策、相关案例分析。具体内容包括:燃气经营企业综述;燃气发展规划;燃气经营许可制度;燃气特许经营服务等。 | |
| 606 | 0 | @a城市燃气@x管理@x法规@y中国@x技术培训@j教材 |
| 606 | 0 | @a城市燃气@x企业管理@y中国@x技术培训@j教材 |
| 690 | @aD922.181@v5 | |
| 690 | @aF426.22@v5 | |
| 701 | 0 | @a甘胜滕@9gan sheng teng@4主编 |
| 701 | 0 | @a周连余@9zhou lian yu@4主编 |
| 701 | 0 | @a甘信标@9gan xin biao@4主编 |
| 801 | 0 | @aCN@c20250909 |
| 905 | @a河南城建学院图书馆@dD922.181@eG024@ZG024@f1 | |
| 燃气相关法律法规与经营企业管理/甘胜滕,周连余,甘信标主编.-北京:中国环境出版集团,2024.01 |
| 413页;21cm |
| 燃气行业从业人员专业培训教材 |
| ISBN 978-7-5111-5683-9:CNY47.50 |
| 本书共六章,内容包括燃气经营企业管理、燃气工程建设管理、燃气企业安全管理、燃气安全事故与应急管理、燃气法律法规及相关政策、相关案例分析。具体内容包括:燃气经营企业综述;燃气发展规划;燃气经营许可制度;燃气特许经营服务等。 |
| ● |
| 相关链接 |
|
|
|
正题名:燃气相关法律法规与经营企业管理
索取号:D922.181/G024
 
预约/预借
| 序号 | 登录号 | 条形码 | 馆藏地/架位号 | 状态 | 备注 |
| 1 | 1632615 | 216326152 | 社科库509/509社科库 85排7列3层/ [索取号:D922.181/G024] | 在馆 |